02782nam a2200337 i 4500003000900000005001700009007000300026008004100029020001800070040003000088041000800118082002500126100004300151245010100194250002300295264006900318300002800387336002800415337003300443338002800476490004200504500007100546500003100617504003400648505009900682505146000781651005402241651005702295700003202352710006002384DO-SdBNP20250219074028.0ta220512e2021 dr ||||gr|||| 001 edspa d a9789945613940 aDO-SdBNPbspacBNPHUerda aspa 4a972.9305bL296e 2221 aLantigua, José Rafael,4aut. eautor10aEnseres y tramoyas :bcrónica con historia /cJosé Rafael Lantigua ; editor, Isael Pérez. aPrimera edición  4aSanto Domingo, R. D. :bArchivo General de la Nación,c©2021. a512 páginas ;c23 cm. atextobtxt2rdacontent  asin mediaciónbn2rdamedia ardacarrierbvolumen2nc0 aArchivo General de la Nación ;v418 aIncluye datos biográficos del autor en la solapa de la cubierta. aIncluye guía de lectura. aBibliografía : p. 479- 507.0 aEnseres domésticos.--tCrónicas en pequeño.--tTramoyas tramadas.--tGuía de lectua.--0 aUna recopilación de artículos sobre diversos temas como historia dominicana, literatura, política, cultura, Haití, Cuba, entre otros. José́ Rafael Lantigua (1949) fue Ministro de Cultura de la República Dominicana y Comisionado de la Feria Internacional del Libro de Santo Domingo de 2004 a 2012.LantiguaHa sido galardonado con numerosos premios literarios y culturales, entre ellos Premio Nacional de Periodismo, categoría Patrimonio Cultural (Club de Prensa Extranjera, 1989), Premio Nacional de Ensayo, Centenario de Duarte (1977), Caonabo de Oro (Asociación Dominicana de Periodistas y Escritores, 2000). ), Premio Pro-Cultura (Ateneo Amantes de la Luz, Santiago de los Caballeros, 2003), Premio Narciso González al Intelectual del Año (Taller literario Virgilio Díaz Grullón y Casa de Arte, Santiago de los Caballeros, 2003), Premio de la Academia (Academia Dominicana de la Lengua, 2003), entre otros. Ha publicado numerosos libros y artículos entre los que destacan: Domingo Moreno Jimenes, biografía de un poeta (1976), La conjura del tiempo, memorias del hombre dominicano (1994), La conducta literaria: el discurso fundacional (2008), Crónica de arte o el arte de la inducción cultural (2009), Venir con cuentos: muestrario del cuento dominicano (2012), y La palabra para ser dicha (2012), Espacios y resonancias (2016), Un encuentro con el comandante (2016), Iniciación de la tarde (2021) entre muchos otros. 0aRepública DominicanaxCivilizaciónySiglo XXI 0aRepública DominicanaxPolítica y gobiernoy1961-1 aPérez, Isael,d1961-eed.2 aArchivo General de la Nación (República Dominicana)